000 00352nam a2200145Ia 4500
008 240624s9999 xx 000 0 und d
041 _aeng
082 _a658.15 BRA
100 _aBRAIOTTA LOUIS
245 _aAUDIT COMMITTE HANDBOOK
250 _a(5th ed.)
260 _c2010
_aNew Jersey
_bJohn Wiley and Sons
300 _a400 : p.
365 _c
_b25
999 _c17368
_d17368